000 00925nam a2200217 i 4500
001 24927
003 ES-MaACL
005 20250815015205.0
007 t|
008 021219s1950 sp ||||1| spa d
100 1 _aUdina i Martorell, Frederic (
_d1914-2011)
_9111869
245 1 3 _aEl esplendor de Barcelona a fines de la Edad Media y la topografía gremial
_b: conferencia /
_cpor D. Federico Udina Martorell.
260 _aBarcelona :
_b[s.n.],
_c1950 (
_fImp. de A. Ortega)
300 _a16 p. ;
_c22 cm.
490 1 _aApuntes para la historia de la industria textil española ;
_v2
500 _aPrecede a tít.: Asociación Nacional de Ingenieros de Industrias Textiles.
710 2 _aAsociación Nacional de Ingenieros de Industrias Textiles (España)
_91759
830 0 0 _aApuntes para la historia de la industria textil española
_v2
_9192796
852 _aES-MaACL
_jE-3505
999 _c24927
_d24927